Statistics for Jennifer Lopez Dance Again World Tour Stops

Click here to take the quiz!

General Stats

  • This quiz has been taken 9 times
  • The average score is 34 of 49

Answer Stats

Date (2012)VenueCountryCity% Correct
October 16AccorHotels ArenaFranceParis
100%
October 13Mercedes-Benz ArenaGermanyBerlin
86%
November 3Forum CopenhagenDenmarkCopenhagen
86%
October 193ArenaIrelandDublin
86%
October 28Barclaycard Arena HamburgGermanyHamburg
86%
November 28AsiaWorld-ArenaHong KongHong Kong
86%
October 22The O2 ArenaEngland, UKLondon
86%
October 7Barclaycard CenterSpainMadrid
86%
December 11,12Rod Laver ArenaVictoria, AustraliaMelbourne
86%
November 10,11Crocus City HallRussiaMoscow
86%
June 14Figali City Convention CenterPanamaPanama City
86%
June 27HSBC ArenaBrazilRio de Janeiro
86%
June 23Arena AnhembiBrazilSao Paulo
86%
December 14,15Qudos Bank ArenaNew South Wales, AustraliaSydney
86%
December 9Adelaide Entertainment CentreSouth Australia, AustraliaAdelaide
71%
September 23Crystal Hall ArenaAzerbaijanBaku
71%
June 21Club GEBAArgentinaBuenos Aires
71%
June 16Universidad Simon BolivarVenezuelaCaracas
71%
November 22Dubai Media City AmphitheatreUnited Arab EmiratesDubai
71%
November 7Hartwall ArenaFinlandHelsinki
71%
November 16,17Ulker ArenaTurkeyIstanbul
71%
November 14Atakoy Athletics ArenaTurkeyIstanbul
71%
November 13Palace of SportsUkraineKiev
71%
October 5MEO ArenaPortugalLisbon
71%
September 25Minsk ArenaBelarusMinsk
71%
October 25OlympiahalleGermanyMunich
71%
November 26Mall of Asia ArenaPhilippinesPasay
71%
December 6Perth ArenaWestern Australia, AustraliaPerth
71%
October 26O2 ArenaCzech RepublicPrague
71%
November 24Mercedes-Benz ArenaChinaShanghai
71%
December 4The Meadow, Gardens by the BaySingaporeSingapore
71%
November 18Armeec ArenaBulgariaSofia
71%
November 5Ericsson GlobeSwedenStockholm
71%
November 8Ice PalaceRussiaSt. Petersburg
71%
October 10HallenstadionSwitzerlandZurich
71%
October 14SportpaleisBelgiumAntwerp
57%
November 20Kombank ArenaSerbiaBelgrade
57%
December 18Brisbane Entertainment CentreQueensland, AustraliaBrisbane
57%
November 30Meta Elang International StadiumIndonesiaJakarta
57%
December 2Stadium MerdekaMalaysiaKuala Lumpur
57%
October 29Rotterdam AhoyNetherlandsRotterdam
57%
December 21,22Jose Miguel Agrelot ColiseumPuerto RicoSan Juan
57%
June 19Movistar ArenaChileSantiago
57%
June 29Convencoes CenterCeara, BrazilFortaleza
43%
September 27PGE ArenaPolandGdansk
43%
July 1Convencoes CenterPernambuco, BrazilRecife
43%
October 17Galaxie AmnevilleFranceAmneville
29%
October 11Unipol ArenaItalyBologna
14%
October 31Konig Pilsener ArenaGermanyOberhausen
14%

Score Distribution

Percentile by Number Answered

Percent of People with Each Score

Your Score History

You have not taken this quiz